[Event "Coventry e2e4 U1950 op"]
[Site "Coventry"]
[Date "2013.08.24"]
[Round "2"]
[White "Woolcock, Craig"]
[Black "Smith, Peter K"]
[Result "1-0"]
[WhiteElo "1894"]
[BlackElo "1763"]
[PlyCount "115"]
[EventDate "2013.08.23"]
[EventType "swiss"]
[EventRounds "7"]
[EventCountry "ENG"]
[SourceTitle "EXT 2015"]
[Source "ChessBase"]
[SourceDate "2014.11.20"]
[SourceVersion "1"]
[SourceVersionDate "2014.11.20"]
[SourceQuality "1"]

1. e4 c6 2. d4 d5 3. e5 c5 4. c3 Nc6 5. Be3 cxd4 6. cxd4 Qb6 7. Qd2 Bf5 8. Nc3 e6 9. a3 a6 10. b4 Be7 11. Nge2 Rc8 12. Rc1 Nh6 13. Na4 Qd8 14. Bxh6 gxh6 15. Qxh6 Bg5 16. Qg7 Rf8 17. Rc3 Bg6 18. f4 Be7 19. g3 Nxb4 20. Rxc8 Nd3+ 21. Kd2 Qxc8 22. Nec3 Nf2 23. Rg1 Ne4+ 24. Nxe4 Bxe4 25. Nc3 Bxa3 26. Nxe4 Qc1+ 27. Ke2 Qc2+ 28. Nd2 Bb4 29. Kf2 Qxd2+ 30. Be2 Qxd4+ 31. Kg2 Bc5 32. Rf1 Qe4+ 33. Bf3 Qg6 34. Qf6 Qxf6 35. exf6 Kd7 36. g4 a5 37. Rd1 Rc8 38. f5 Kd6 39. fxe6 fxe6 40. g5 a4 41. h4 a3 42. Rd2 Ra8 43. Ra2 e5 44. Kg3 Ke6 45. Bg4+ Kf7 46. Bf5 h6 47. Kg4 hxg5 48. hxg5 Rh8 49. Bd7 Kg6 50. Be6 d4 51. Bd5 b5 52. Be4+ Kf7 53. Kf5 Rh4 54. Kxe5 b4 55. Kf5 b3 56. Bd5+ Kf8 57. Bxb3 d3 58. g6 1-0

[Event "South Wales op 10th"]
[Site "Penarth"]
[Date "2013.07.18"]
[Round "8"]
[White "Woolcock, Craig"]
[Black "Yeo, Gareth"]
[Result "1/2-1/2"]
[WhiteElo "1893"]
[BlackElo "1979"]
[PlyCount "104"]
[EventDate "2013.07.14"]
[EventType "swiss"]
[EventRounds "9"]
[EventCountry "WLS"]
[SourceTitle "CBM 155 Extra"]
[Source "ChessBase"]
[SourceDate "2013.08.26"]
[SourceVersion "1"]
[SourceVersionDate "2013.08.26"]
[SourceQuality "1"]

1. e4 g6 2. d4 Bg7 3. Nc3 c5 4. Be3 Nc6 5. d5 Nd4 6. f4 d6 7. h3 Qa5 8. Nf3 Nxf3+ 9. gxf3 Bxc3+ 10. bxc3 Qxc3+ 11. Kf2 h5 12. Rb1 Nf6 13. Rb3 Qa5 14. Qa1 Rh7 15. Bd3 Qc7 16. c4 h4 17. e5 Nh5 18. e6 Ng3 19. Rg1 f5 20. Kg2 Kf8 21. Kh2 Rh6 22. Rb2 Qa5 23. Rbg2 Qa3 24. Qb1 b5 25. Bc1 Qb4 26. Rb2 Qc3 27. Rxb5 Rh7 28. Rb3 Qd4 29. Qc2 a5 30. Qd2 Qg7 31. a4 Rh8 32. Bb2 Qh6 33. Qe3 Rg8 34. Bc3 Nh5 35. Bd2 Rg7 36. Rgb1 Rg8 37. Rg1 Ng3 38. Bc3 Nh5 39. Rg5 Rg7 40. Rb1 Kg8 41. Rbg1 Ng3 42. Qd2 Rb8 43. Bc2 Ba6 44. Qd3 Kh7 45. Bxa5 Rb2 46. Rc1 Rg8 47. Bc3 Rgb8 48. Bxb2 Rxb2 49. Rxg3 hxg3+ 50. Kxg3 Qg7 51. Rb1 Rxb1 52. Bxb1 Qa1 1/2-1/2

[Event "South Wales op 10th"]
[Site "Penarth"]
[Date "2013.07.16"]
[Round "6"]
[White "Woolcock, Craig"]
[Black "Lutchman Singh, Karanvir"]
[Result "1-0"]
[WhiteElo "1893"]
[BlackElo "1367"]
[PlyCount "103"]
[EventDate "2013.07.14"]
[EventType "swiss"]
[EventRounds "9"]
[EventCountry "WLS"]
[SourceTitle "CBM 155 Extra"]
[Source "ChessBase"]
[SourceDate "2013.08.26"]
[SourceVersion "1"]
[SourceVersionDate "2013.08.26"]
[SourceQuality "1"]

1. e4 c5 2. Nc3 Nc6 3. g3 g6 4. Bg2 Bg7 5. d3 d6 6. f4 e6 7. Nf3 Nge7 8. 0-0 0-0 9. Be3 Nd4 10. e5 Nef5 11. Bf2 Nxf3+ 12. Bxf3 Nd4 13. Bg2 dxe5 14. fxe5 Bxe5 15. Ne4 f5 16. Nxc5 Nc6 17. c3 Qd6 18. d4 Bg7 19. Re1 Rd8 20. Qb3 Re8 21. Nxb7 Qc7 22. Nc5 Rb8 23. Qc2 Bb7 24. Rad1 e5 25. d5 Nd8 26. d6 Qa5 27. b4 Qb5 28. a4 Qc4 29. Nxb7 Nxb7 30. Bd5+ Qxd5 31. Rxd5 Red8 32. d7 e4 33. Bxa7 Ra8 34. Bb6 Kf7 35. Bxd8 Rxd8 36. a5 Ke7 37. Red1 Bh6 38. Qe2 Rf8 39. Qa6 Nd8 40. Qd6+ Kf7 41. Re5 Bg5 42. a6 Kg8 43. a7 Nf7 44. Qxf8+ Kxf8 45. a8Q+ Kg7 46. Re8 e3 47. Rg8+ Kh6 48. Qf8+ Kh5 49. Qxf7 e2 50. Qxh7+ Kg4 51. Kg2 exd1Q 52. h3# 1-0

[Event "Sunningdale e2e4 op U2000 07"]
[Site "Sunningdale"]
[Date "2013.07.07"]
[Round "5"]
[White "Hunt Grubbe, Henry H"]
[Black "Woolcock, Craig"]
[Result "1-0"]
[WhiteElo "1800"]
[BlackElo "1893"]
[PlyCount "90"]
[EventDate "2013.07.05"]
[EventType "swiss"]
[EventRounds "7"]
[EventCountry "ENG"]
[SourceTitle "EXT 2014"]
[Source "ChessBase"]
[SourceDate "2013.11.20"]
[SourceVersion "1"]
[SourceVersionDate "2013.11.20"]
[SourceQuality "1"]

1. d4 d5 2. Bf4 Nf6 3. e3 c5 4. c3 Nc6 5. Nd2 Qb6 6. Qb3 c4 7. Qc2 g6 8. e4 Nxe4 9. Nxe4 Bf5 10. f3 Bg7 11. g4 Bc8 12. Nf2 0-0 13. 0-0-0 a5 14. h4 Qa6 15. h5 b5 16. hxg6 fxg6 17. Bh6 Rf7 18. Bxg7 Rxg7 19. f4 Bd7 20. Bg2 e6 21. Nf3 Ne7 22. Ne5 Be8 23. Kd2 b4 24. g5 Rb8 25. a3 Nf5 26. axb4 axb4 27. Ra1 Qb6 28. Nf3 Rgb7 29. Ng4 Qc7 30. Nf6+ Kf8 31. Ne5 bxc3+ 32. bxc3 Rb2 33. Rxh7 Rxc2+ 34. Kxc2 Qb6 35. Ned7+ Bxd7 36. Nxd7+ Kg8 37. Nxb6 Kxh7 38. Nd7 Rb7 39. Nf6+ Kg7 40. Bh3 Kf7 41. Bxf5 gxf5 42. Rh1 Rb8 43. Nd7 Ra8 44. Ne5+ Ke7 45. Rh7+ Kd6 1-0

[Event "Sunningdale e2e4 op U2000 07"]
[Site "Sunningdale"]
[Date "2013.07.05"]
[Round "1"]
[White "Watson, Darrell"]
[Black "Woolcock, Craig"]
[Result "0-1"]
[WhiteElo "1751"]
[BlackElo "1893"]
[PlyCount "126"]
[EventDate "2013.07.05"]
[EventType "swiss"]
[EventRounds "7"]
[EventCountry "ENG"]
[SourceTitle "EXT 2014"]
[Source "ChessBase"]
[SourceDate "2013.11.20"]
[SourceVersion "1"]
[SourceVersionDate "2013.11.20"]
[SourceQuality "1"]

1. d4 d5 2. c4 e6 3. g3 Nf6 4. Bg2 c6 5. Nf3 Bd6 6. 0-0 Nbd7 7. cxd5 exd5 8. Nc3 0-0 9. h3 Re8 10. Qc2 h6 11. Re1 a6 12. Be3 Bxg3 13. fxg3 Rxe3 14. Rf1 Qc7 15. Qd2 Re8 16. Qf4 Qxf4 17. gxf4 Nh5 18. Ne5 f6 19. Ng6 Ng3 20. Rf2 Nf5 21. h4 Nxd4 22. e4 dxe4 23. Nxe4 Nf5 24. Rd1 Ne3 25. Rd4 c5 26. Nd6 cxd4 27. Nxe8 Kf7 28. Nc7 Ra7 29. h5 b5 30. Nd5 Nxg2 31. Nh8+ Ke6 32. Nb4 Ne3 33. Nc6 Rc7 34. Nxd4+ Kd5 35. Rd2 Ke4 36. Ng6 Nb6 37. Nb3 Rc4 38. Rd8 Kf5 39. Rg8 Rc7 40. Kf2 Ned5 41. Kf3 Rc4 42. Rxg7 Nxf4 43. Na5 Nxh5 44. Rg8 Rc2 45. Nh4+ Ke6 46. Rg6 Rxb2 47. Rxh6 Rxa2 48. Rxh5 Rxa5 49. Rh8 Bb7+ 50. Ke3 Nd5+ 51. Kd2 Ra4 52. Ng6 Rc4 53. Nf8+ Kf7 54. Nd7 Rc7 55. Rh7+ Ke8 56. Nxf6+ Kf8 57. Rh8+ Ke7 58. Ne4 Nf6 59. Nxf6 Kxf6 60. Rh6+ Ke5 61. Rh5+ Kd4 62. Rh6 a5 63. Rh4+ Be4 0-1